000 00291nam a2200109Ia 4500
008 171211s9999 xx 000 0 und d
245 _aBirds of Borneo, 2nd Edition
245 _cMYERS SUSAN
260 _c2016
650 _xANIMALS
856 _uhttp://down.ebook777.com/054/9781472924445.pdf
999 _c348466
_d348466